[Event "Marshall op"]
[Site "New York"]
[Date "1979.??.??"]
[Round "3"]
[White "Morris, Walter D"]
[Black "Meyer, E."]
[Result "1-0"]
[WhiteElo "2345"]
[BlackElo "2360"]

1.e4 c5 2.Nf3 e6 3.d4 cxd4 4.Nxd4 a6 5.Bd3 Nf6 6.O-O Qc7 7.Qe2 d6 8.a4 b6
9.Na3 Bb7 10.Nc4 Nbd7 11.f4 d5 12.exd5 Bc5 13.c3 Bxd5 14.Ne5 O-O 15.Bd2 Bb7
16.Rae1 Qd6 17.Qe3 Rad8 18.Kh1 Bxd4 19.cxd4 Nxe5 20.fxe5 Qxd4 21.exf6 Qxd3
22.fxg7 Rfe8 23.Bc3 Qxe3 24.Rxe3 Rd5 25.Kg1 Rg5 26.g3 Rd8 27.Re2 Rg4 28.Bf6 Rc8
29.a5 bxa5 30.Ref2 a4 31.Rf4 Rc2 32.Rd1  1-0

[Event "ISL-ch"]
[Site "Reykjavik"]
[Date "1979.??.??"]
[Round "4"]
[White "Sigurjonsson, Johann O"]
[Black "Asmundsson, Ingvar"]
[Result "1/2-1/2"]
[WhiteElo "2260"]
[BlackElo "2400"]

1.e4 c5 2.Nf3 e6 3.d4 cxd4 4.Nxd4 a6 5.Bd3 Nc6 6.Nxc6 bxc6 7.O-O d5 8.Nd2 Nf6
9.Qe2 Be7 10.b3 O-O 11.Bb2 Bb7 12.f4 c5 13.e5 Nd7 14.Kh1 g6 15.Qg4 c4 16.bxc4 Nc5
17.Ba3 Nxd3 18.Bxe7 Qxe7 19.cxd3 Qa3 20.Qe2 Rab8 21.Rfb1 Ba8 22.Rb3 Rxb3
23.Nxb3 Rb8 24.Rb1 a5 25.Qc2 dxc4 26.dxc4 Kg7 27.c5 a4 28.Nd2 Rxb1+ 29.Nxb1 Qe3
30.Qd2 Qxc5 31.h3 Qd5 32.Qxd5 Bxd5 33.Nc3 Bc6 34.Kg1 f6 35.Kf2 fxe5 36.fxe5 Kh6
37.g4 g5 38.a3 Kg7 39.Ke3 Kf7 40.Ne4  1/2-1/2

[Event "Sao Paulo"]
[Site "Sao Paulo"]
[Date "1979.??.??"]
[Round "?"]
[White "Rocha, Antonio"]
[Black "Gheorghiu, Florin"]
[Result "1/2-1/2"]
[WhiteElo "2365"]
[BlackElo "2540"]

1.e4 c5 2.Nf3 e6 3.d4 cxd4 4.Nxd4 a6 5.Bd3 Nf6 6.O-O d6 7.c4 Be7 8.b3 O-O
9.Bb2 b6 10.Nc3 Bb7 11.Bc2 Nc6 12.Nxc6 Bxc6 13.Qd3 g6 14.Qd4 b5 15.cxb5 axb5
16.b4 Rb8 17.Bb3 Qb6 18.Qd3 d5 19.exd5 Rfd8  1/2-1/2

[Event "Sao Paulo"]
[Site "Sao Paulo"]
[Date "1979.??.??"]
[Round "?"]
[White "Byrne, Robert E"]
[Black "Ljubojevic, Ljubomir"]
[Result "0-1"]
[WhiteElo "2535"]
[BlackElo "2590"]

1.e4 c5 2.Nf3 e6 3.d4 cxd4 4.Nxd4 a6 5.Bd3 Qc7 6.c4 b6 7.Nc3 Bb7 8.O-O Nf6
9.Qe2 d6 10.b3 Be7 11.Bb2 O-O 12.Rae1 Nfd7 13.Bb1 Bf6 14.Rd1 g6 15.Qd2 Be7
16.f4 Nc6 17.f5 Nxd4 18.Qxd4 Nf6 19.Kh1 Rad8 20.b4 e5 21.Qd3 Rc8 22.Nd5 Bxd5
23.cxd5 Qb7 24.Bc1 b5 25.Bh6 Rfe8 26.Qh3 Rc4 27.Rf3 Qc8 28.Rdf1 Nxe4 29.Bxe4 Rxe4
30.fxg6 fxg6 31.Rf7 Rf4 32.Bxf4 Qxh3 33.gxh3 Kxf7 34.Bxe5+ Kg8 35.Bg3 Rc8
36.Re1 Kf7 37.Re6 Rc1+ 38.Kg2 Rc2+ 39.Kh1 Rxa2 40.Bxd6 Bxd6 41.Rxd6 Ke7 42.Rb6 Kd7
43.d6 Ke6 44.h4 Kf5 45.d7 Rd2 46.Rxa6 Rxd7 47.h5 gxh5 48.Rc6 Rd5 49.Kg2 Kg4
50.h3+ Kf4 51.Rf6+ Ke3 52.h4 Ke4 53.Kg3 Rd3+ 54.Kg2 Kd4 55.Rh6 Kc4 56.Rxh5 Rd7
57.Rg5 Kxb4 58.Kf3 Kc4 59.h5 b4 60.Rg8 b3 61.Kf4 Rd5  0-1

[Event "Wch U18"]
[Site "Skien"]
[Date "1979.??.??"]
[Round "?"]
[White "Gazik, Igor"]
[Black "Ravikumar, Vaidyanathan"]
[Result "0-1"]
[WhiteElo "2460"]
[BlackElo "2305"]

1.e4 c5 2.Nf3 e6 3.d4 cxd4 4.Nxd4 a6 5.Bd3 Nc6 6.Nxc6 dxc6 7.Nd2 Qc7 8.O-O Nf6
9.f4 e5 10.Nc4 Ng4 11.Qf3 Be6 12.Nxe5 Nxe5 13.fxe5 Qxe5 14.Bf4 Qxb2 15.Kh1 Qa3
16.Rab1 O-O-O 17.e5 Bc5 18.Be3 Kc7 19.Qf2 Rd5 20.c4 Bxe3 21.Qxe3 Qc5 22.Qg3 Rd4
23.Bf5 Bxc4 24.e6+ Qd6 25.Qxg7 Re8 26.Rfe1 Re7 27.exf7 Rxf7 28.Qg5 h6 29.Qh5 b5
30.Re8 Rf4  0-1

[Event "SWE-ch"]
[Site "?"]
[Date "1979.??.??"]
[Round "?"]
[White "Elfvin, U."]
[Black "Lekander, Rolf"]
[Result "1/2-1/2"]
[WhiteElo "2200"]
[BlackElo "2285"]

1.e4 c5 2.Nf3 e6 3.d4 cxd4 4.Nxd4 a6 5.Bd3 g6 6.Be3 Bg7 7.O-O Nf6 8.c4 d6
9.Nc3 O-O 10.Re1 Qc7 11.Rc1 Nbd7 12.Bf1 b6 13.f3 Bb7 14.Qd2 Rfe8 15.Qf2 Ne5
16.h3 Rab8 17.Red1 Ba8 18.b3 Qe7  1/2-1/2

[Event "URS Spartakiad"]
[Site "URS"]
[Date "1979.??.??"]
[Round "?"]
[White "Maryasin, Boris"]
[Black "Siniavsky, A."]
[Result "1/2-1/2"]
[WhiteElo "2250"]
[BlackElo "2200"]

1.e4 c5 2.Nf3 e6 3.d4 cxd4 4.Nxd4 a6 5.Bd3 Nc6 6.Nxc6 dxc6 7.O-O e5 8.Nd2 Bd6
9.Nc4 Bc7 10.a4 Nf6 11.Bg5 h6 12.Bh4 Be6 13.Qf3 g5 14.Bg3 Nd7 15.Qe2 Qe7
16.b4 Kf8 17.Ne3 Bb6 18.Bc4 Bxe3 19.fxe3 Kg7 20.Bxe6 Qxe6 21.c4 a5 22.Rad1 f6
23.c5 Qe7 24.Rd6 Rhd8 25.bxa5 Rf8 26.Rfd1 Nb8 27.Qg4 Qe8 28.Re6 h5 29.Qf5 Qg6
30.Qxg6+ Kxg6 31.Bxe5 Rxa5 32.Rdd6 Na6 33.Rxf6+ Rxf6 34.Rxf6+ Kh7 35.Rf7+ Kg6
36.Rg7+ Kh6 37.Rxb7 Nxc5 38.Rb6 Nxe4 39.Rxc6+ Kh7 40.Rc7+ Kg6 41.Bd4 Rxa4
42.Re7 Nd2 43.Re6+ Kf5 44.Re5+ Kg6 45.Re6+ Kf5 46.Re5+  1/2-1/2

[Event "URS Spartakiad"]
[Site "URS"]
[Date "1979.??.??"]
[Round "?"]
[White "Kenge"]
[Black "Nevednichy, Boris M"]
[Result "1-0"]
[WhiteElo "2200"]
[BlackElo "2200"]

1.e4 c5 2.Nf3 e6 3.d4 cxd4 4.Nxd4 a6 5.Bd3 Bc5 6.Nb3 Ba7 7.Qe2 Nc6 8.Be3 Bxe3
9.Qxe3 Nf6 10.Nc3 d6 11.O-O-O O-O 12.f4 Qc7 13.g4 b5 14.g5 Nd7 15.f5 b4 16.Ne2 a5
17.Qh3 exf5 18.exf5 Nde5 19.Nf4 a4 20.Nd5 Qd8 21.Rhg1 Nxd3+ 22.Rxd3 Ne5 23.Nf6+ gxf6
24.Qh6 Nxd3+ 25.Kb1 fxg5 26.f6 Qxf6 27.Qxf6 g4 28.Qg5+ Kh8 29.Qf6+ Kg8 30.Nd4 Ne5
31.h3 h5 32.Qg5+ Ng6 33.Qxh5 gxh3 34.Qd5 Be6 35.Qxe6 h2 36.Rxg6+  1-0

[Event "URS Spartakiad"]
[Site "URS"]
[Date "1979.??.??"]
[Round "?"]
[White "Grushevsky, Alexander V"]
[Black "Hasanov, Marat"]
[Result "1-0"]
[WhiteElo "2200"]
[BlackElo "2200"]

1.e4 c5 2.Nf3 e6 3.d4 cxd4 4.Nxd4 a6 5.Bd3 Nf6 6.O-O d6 7.a4 Be7 8.Nc3 O-O
9.Kh1 Nbd7 10.f4 Qc7 11.Qe2 b6 12.Bd2 Bb7 13.Rae1 g6 14.e5 dxe5 15.fxe5 Nh5
16.Bh6 Ng7 17.Rf4 Nc5 18.Ref1 Rad8 19.Bc4 a5 20.Qf2 Qxe5 21.Rxf7 Bd6 22.Rxg7+ Qxg7
23.Nxe6 Qxh6 24.Nxf8+  1-0

[Event "URS Spartakiad"]
[Site "URS"]
[Date "1979.??.??"]
[Round "?"]
[White "Tseshkovsky, Vitaly"]
[Black "Vasiukov, Evgeni"]
[Result "0-1"]
[WhiteElo "2550"]
[BlackElo "2560"]

1.e4 c5 2.Nf3 e6 3.d4 cxd4 4.Nxd4 a6 5.Bd3 Ne7 6.Nc3 Nbc6 7.Nb3 Ng6 8.f4 b5
9.Be3 Bb7 10.O-O Rc8 11.Qh5 Qh4 12.Qe2 Qd8 13.Rad1 Nb4 14.f5 Ne5 15.Bd4 Nbxd3
16.cxd3 Bd6 17.Bf2 h5 18.Bg3 Qb6+ 19.d4 f6 20.fxe6 dxe6 21.Kh1 Nf7 22.e5 fxe5
23.dxe5 Be7 24.Bf2 Qc7 25.Bd4 O-O 26.Qxh5 b4 27.Ne2 Nh6 28.Nf4 Rf5 29.Qe2 Qc2
30.Qxc2 Rxc2 31.Rd2 Rxd2 32.Nxd2 Bg5 33.Ng6 Bxd2 34.Ne7+ Kh7 35.Nxf5 Nxf5
36.Bf2 Bd5 37.b3 Ne3 38.Bxe3 Bxe3 39.Rf8 Kg6 40.Rb8 Bc5 41.Rc8 Bd4 42.h4 Bxe5
43.Rc5 Kh5  0-1

[Event "Berlin tt"]
[Site "Berlin-West"]
[Date "1980.??.??"]
[Round "?"]
[White "Sellos, Didier"]
[Black "Hartston, William R"]
[Result "0-1"]
[WhiteElo "2310"]
[BlackElo "2465"]

1.e4 c5 2.Nf3 e6 3.d4 cxd4 4.Nxd4 a6 5.Bd3 Ne7 6.O-O Nec6 7.Nb3 d6 8.Be3 Be7
9.c4 Nd7 10.Nc3 O-O 11.Rc1 b6 12.Bb1 Rb8 13.a4 Nc5 14.Nd2 Bf6 15.Nf3 Qe7
16.Re1 Bxc3 17.Rxc3 e5 18.h3 Bd7 19.Re2 Nb4 20.b3 Bc6 21.Bc1 a5 22.Nh2 Qb7
23.f3 Rbd8 24.Nf1 f5 25.Bg5 Rd7 26.Ng3 h6 27.Bc1 f4 28.Nf1 Rf6 29.Rd2 Qc7
30.Ba3 g5 31.Nh2 h5 32.Rc1 Rg7 33.Bxb4 axb4 34.Bc2 Bd7 35.Rf2 Rfg6 36.Qd2 g4
37.hxg4 hxg4 38.Nxg4 Bxg4 39.fxg4 Rxg4 40.Rd1 R7g6 41.Kf1 Qh7 42.Qd5+ Kh8
43.Ke2 Rxg2 44.Rf1 Qh5+ 45.Ke1 Rxf2 46.Rxf2 Rg1+ 47.Kd2 Qh3 48.Re2 Qc3+  0-1

[Event "Buenos Aires"]
[Site "Buenos Aires"]
[Date "1980.??.??"]
[Round "?"]
[White "Ljubojevic, Ljubomir"]
[Black "Panno, Oscar"]
[Result "1-0"]
[WhiteElo "2590"]
[BlackElo "2540"]

1.e4 c5 2.Nf3 e6 3.d4 cxd4 4.Nxd4 a6 5.Bd3 g6 6.c4 Bg7 7.Nb3 Ne7 8.O-O O-O
9.Nc3 Nbc6 10.Be2 b6 11.Bf4 f5 12.exf5 Rxf5 13.Qd2 d5 14.cxd5 Nxd5 15.Nxd5 exd5
16.Rac1 Bb7 17.Bg4 Rxf4 18.Qxf4 Bxb2 19.Be6+ Kh8 20.Rxc6 Bxc6 21.Nd4 Qe7
22.Qe5+ Qg7 23.Qxg7+ Kxg7 24.Nxc6 d4 25.Bd7  1-0

[Event "Malta ol (Men)"]
[Site "La Valetta"]
[Date "1980.??.??"]
[Round "?"]
[White "Ermenkov, Evgenij"]
[Black "Liberzon, Vladimir M"]
[Result "1/2-1/2"]
[WhiteElo "2495"]
[BlackElo "2545"]

1.e4 c5 2.Nf3 e6 3.d4 cxd4 4.Nxd4 a6 5.Bd3 Nf6 6.O-O d6 7.c4 Be7 8.Nc3 O-O
9.Qe2 Bd7 10.f4 Nc6 11.Nf3 e5 12.Nd5 exf4 13.Bxf4 Bg4 14.Qf2 Bxf3 15.gxf3 Nxd5
16.cxd5  1/2-1/2

[Event "Malta ol (Men)"]
[Site "La Valetta"]
[Date "1980.??.??"]
[Round "?"]
[White "Ermenkov, Evgenij"]
[Black "Olafsson, Fridrik"]
[Result "1-0"]
[WhiteElo "2495"]
[BlackElo "2545"]

1.e4 c5 2.Nf3 e6 3.d4 cxd4 4.Nxd4 a6 5.Bd3 g6 6.c4 Bg7 7.Be3 Ne7 8.Nc3 d5
9.exd5 exd5 10.O-O O-O 11.Re1 h6 12.Rc1 Nd7 13.Nf3 dxc4 14.Bxc4 Nf5 15.Bf4 b5
16.Nd5 Nc5 17.Bc7 Qd7 18.Ne5 Qe6 19.Nf4 Qe7 20.Bxf7+ Rxf7 21.Bd8 Qxe5 22.Rxe5 Bxe5
23.Nxg6 Bd4 24.Bb6 Ne6 25.Bxd4 Nfxd4 26.Qg4 Kh7 27.Ne5 Nf4  1-0

[Event "Malta ol (Men)"]
[Site "La Valetta"]
[Date "1980.??.??"]
[Round "?"]
[White "Fernandez, A."]
[Black "Carvalho, Flavio"]
[Result "0-1"]
[WhiteElo "2375"]
[BlackElo "2260"]

1.e4 c5 2.Nf3 e6 3.d4 cxd4 4.Nxd4 a6 5.Bd3 Nf6 6.Nc3 Qc7 7.O-O Be7 8.Kh1 b5
9.f4 d6 10.e5 dxe5 11.fxe5 Nfd7 12.Qh5 g6 13.Qh6 Qxe5 14.Be4 Ra7 15.Be3 Bf8
16.Qh3 Bc5 17.Rad1 O-O 18.Bf4 Qh5 19.Qxh5 gxh5 20.Rf3 Bxd4 21.Rxd4 f5 22.Rg3+ Kf7
23.Bd6 Rg8 24.Bf3 Rg4 25.Bxg4 hxg4 26.Bxb8 Nxb8 27.Rd8 Rc7 28.Rgd3 Nc6 29.R8d6 Ke7
30.Rd1 Bb7 31.a3 Ne5 32.Rd8 Nc4 33.Rh8 Kf6 34.Re1 Nxb2 35.Ne2 e5 36.Rf8+ Kg6
37.c3 f4 38.Kg1 Rd7 39.Re8 Rd2 40.Rxe5 Nd3 41.Re6+ Kg5 42.Rb1 f3 43.gxf3 gxf3
44.Kf1 Bc8 45.Nd4 Rf2+ 46.Kg1 Bxe6 47.Nxe6+ Kf5 48.Rd1 Rg2+ 49.Kf1 Ke4 50.h4 h6
51.h5 Rc2 52.Nc7 Rxc3 53.Nxa6 Rxa3 54.Nc7 b4 55.Nb5 Ra6 56.Nc7 Rb6 57.Nd5 Kxd5
58.Rxd3+ Kc4 59.Rxf3 b3 60.Rf4+ Kd3 61.Rf3+ Ke4 62.Rf2 b2  0-1

[Event "Malta ol (Women)"]
[Site "La Valetta"]
[Date "1980.??.??"]
[Round "?"]
[White "Savereide, Diane"]
[Black "Bellin, Jana"]
[Result "1-0"]
[WhiteElo "2140"]
[BlackElo "2220"]

1.e4 c5 2.Nf3 e6 3.d4 cxd4 4.Nxd4 a6 5.Bd3 Nc6 6.Be3 Nf6 7.O-O Ne5 8.h3 d5
9.Nc3 dxe4 10.Nxe4 Nd5 11.Bd2 Nxd3 12.cxd3 Be7 13.Qg4 g6 14.Qg3 O-O 15.Bh6 Re8
16.Rac1 Nf6 17.Qe5 Nh5 18.Nf3 f6 19.Qc3 Bd7 20.Qb3 Bc8 21.Nc5 Qd5 22.Qb6 Bd8
23.Qb4 b6 24.Ne4 Bb7 25.Rc4 e5 26.Rd1 Qe6 27.Rdc1 Bd5 28.R4c2 Be7 29.Qd2 Rac8
30.Rxc8 Rxc8 31.Rxc8+ Qxc8 32.Qe3 Qc6 33.b3 Ng7 34.g4 g5 35.h4 Bxe4 36.dxe4 Bc5
37.Qd3 Ne6 38.hxg5  1-0

[Event "Malta ol (Men)"]
[Site "La Valetta"]
[Date "1980.??.??"]
[Round "?"]
[White "Bielczyk, Jacek"]
[Black "Ramos, Domingo"]
[Result "1/2-1/2"]
[WhiteElo "2380"]
[BlackElo "2200"]

1.e4 c5 2.Nf3 e6 3.d4 cxd4 4.Nxd4 a6 5.Bd3 Nc6 6.Nxc6 dxc6 7.O-O e5 8.Nd2 Bd6
9.Nc4 Bc7 10.Qh5 b5 11.Ne3 g6 12.Qe2 Nf6 13.a4 Be6 14.axb5 axb5 15.Rxa8 Qxa8
16.Qf3 Qd8 17.Bd2 O-O 18.Bb4 Re8 19.Rd1 Kg7 20.Bc4  1/2-1/2

[Event "Malta ol (Men)"]
[Site "La Valetta"]
[Date "1980.??.??"]
[Round "?"]
[White "Murrey, Jacob"]
[Black "Zapata, Alonso"]
[Result "1-0"]
[WhiteElo "2440"]
[BlackElo "2410"]

1.e4 c5 2.Nf3 e6 3.d4 cxd4 4.Nxd4 a6 5.Bd3 Nf6 6.O-O d6 7.c4 Be7 8.Nc3 O-O
9.Be3 Nc6 10.Nxc6 bxc6 11.f4 d5 12.e5 d4 13.exf6 Bxf6 14.Bxh7+ Kxh7 15.Qh5+ Kg8
16.Rad1 g6 17.Qc5 d3 18.Rf2 Rb8 19.Rfd2 Qc7 20.Ne4 Bg7 21.Rxd3 e5 22.Rd6 exf4
23.Bd4 Bxd4+ 24.R1xd4 Bf5 25.Nf6+ Kh8 26.Rxf4 Kg7 27.Nd5 Qb7 28.Qd4+ f6 29.Rxf6 Qxb2
30.Qxb2 Rxb2 31.Rxc6 Re8 32.Rc7+ Kg8 33.Rf1 Ree2 34.Nf4 Red2 35.g4 Rd7 36.Rxd7  1-0

[Event "Malta ol (Women)"]
[Site "La Valetta"]
[Date "1980.??.??"]
[Round "?"]
[White "Veroci, Zsuzsa"]
[Black "Fischdick, Gisela"]
[Result "1/2-1/2"]
[WhiteElo "2285"]
[BlackElo "2235"]

1.e4 c5 2.Nf3 e6 3.d4 cxd4 4.Nxd4 a6 5.Bd3 Nf6 6.O-O Qc7 7.Qe2 d6 8.f4 e5
9.Nf3 Be7 10.Nc3 O-O 11.fxe5 dxe5 12.Bg5 Be6 13.Nh4 Ne8 14.Bxe7 Qxe7 15.Nf5 Bxf5
16.Rxf5 Nc6 17.Nd5 Qc5+ 18.Kh1 Qd6 19.Qg4 Nd4 20.Rh5 Nf6 21.Nxf6+ Qxf6 22.Rf1 Qd6
23.Qh4 h6 24.Qg3 Rae8 25.c3 Nc6 26.Bc4 Kh7 27.Rhf5 f6 28.R5f3 Rd8 29.Qg4 Ne7
30.Rg3 g6 31.Rd3 Qc6 32.Rxd8  1/2-1/2

[Event "Malta ol (Men)"]
[Site "La Valetta"]
[Date "1980.??.??"]
[Round "?"]
[White "Gruenfeld, Yehuda"]
[Black "Tringov, Georgi P"]
[Result "1/2-1/2"]
[WhiteElo "2455"]
[BlackElo "2455"]

1.e4 c5 2.Nf3 e6 3.d4 cxd4 4.Nxd4 a6 5.Bd3 g6 6.O-O Bg7 7.c3 d6 8.a4 Nf6
9.Bg5 O-O 10.Nd2 Nbd7 11.Kh1 Qc7 12.a5 Nc5 13.Bc2 h6 14.Bh4 e5 15.N4b3 Be6
16.f3 d5 17.Nxc5 Qxc5 18.Bxf6 Bxf6 19.exd5 Qxd5 20.Bb3 Qc6 21.Bxe6 Qxe6 22.Qb3 Qxb3
23.Nxb3 Rfd8 24.Rfd1 Rxd1+ 25.Rxd1 Rd8  1/2-1/2

[Event "Malta ol (Men)"]
[Site "La Valetta"]
[Date "1980.??.??"]
[Round "?"]
[White "Hakki, Imad"]
[Black "Garcia, Gildardo"]
[Result "0-1"]
[WhiteElo "2255"]
[BlackElo "2440"]

1.e4 c5 2.Nf3 e6 3.d4 cxd4 4.Nxd4 a6 5.Bd3 g6 6.c4 Bg7 7.Be3 Ne7 8.Nc3 O-O
9.O-O d6 10.Rc1 Nd7 11.b4 b6 12.Qd2 Bb7 13.Nb3 Rc8 14.f4 Nf6 15.h3 Rb8 16.Qf2 Ba8
17.Rfd1 Qc7 18.Nd4 Nc8 19.g4 Qe7 20.a3 Re8 21.Nf3 Nd7 22.Re1 Qd8 23.Ne2 Qc7
24.Ng3 Qb7 25.Rf1 Ne7 26.h4 Nf6 27.Nh2 d5 28.e5 Ne4 29.Nxe4 dxe4 30.Be2 f6
31.exf6 Bxf6 32.g5 Bg7 33.Ng4 Nf5 34.c5 bxc5 35.Bxc5 Rbd8 36.Rfd1  0-1

[Event "Malta ol (Women)"]
[Site "La Valetta"]
[Date "1980.??.??"]
[Round "?"]
[White "Gocheva, Rumiana B"]
[Black "Ivanka Budinsky, Maria"]
[Result "0-1"]
[WhiteElo "2000"]
[BlackElo "2260"]

1.e4 c5 2.Nf3 e6 3.d4 cxd4 4.Nxd4 a6 5.Bd3 Nf6 6.Nc3 Qc7 7.O-O b5 8.Qe2 d6
9.Kh1 Bb7 10.f4 Nbd7 11.Nf3 Rc8 12.f5 e5 13.Bg5 Be7 14.Rfc1 O-O 15.Bxf6 Nxf6
16.Nd1 Qc6 17.c4 Nxe4 18.cxb5 Qxc1 19.Rxc1 Rxc1 20.bxa6 Rxd1+ 21.Ne1 Bxa6
22.Bxa6 d5 23.a3 Bh4 24.g3 Bxg3 25.Kg2 Rxe1 26.Qb5 Bf4 27.Qxd5 Nf6 28.Qd6 Rc1
29.b4 Rc2+ 30.Kf1  0-1

[Event "Malta ol (Women)"]
[Site "La Valetta"]
[Date "1980.??.??"]
[Round "?"]
[White "Garcia, Nieves"]
[Black "Fischdick, Gisela"]
[Result "0-1"]
[WhiteElo "2175"]
[BlackElo "2235"]

1.e4 c5 2.Nf3 e6 3.d4 cxd4 4.Nxd4 a6 5.Bd3 Nf6 6.Bg5 Be7 7.O-O d6 8.Kh1 O-O
9.f4 Nbd7 10.Rf3 g6 11.Bh6 Re8 12.Rg3 Qb6 13.Nb3 Nc5 14.N1d2 Nxd3 15.cxd3 Bd7
16.Nc4 Qd8 17.Nxd6 Bxd6 18.e5 Be7 19.exf6 Bxf6 20.d4 Bc6 21.Bg5 a5 22.Qd2 a4
23.Bxf6 Qxf6 24.Nc1 Red8 25.Ne2 Bb5 26.Rd1 Bxe2 27.Qxe2 Rxd4 28.Rxd4 Qxd4
29.Rf3 Rd8 30.g3 Qd5 31.a3 Kf8 32.Kg2 Ke7 33.Qc2 Qd2+ 34.Qxd2 Rxd2+ 35.Rf2 Rxf2+
36.Kxf2 Kd6 37.Ke3 Kd5 38.Kd3 f6 39.g4 e5 40.fxe5 fxe5 41.h3 g5  0-1

[Event "Malta ol (Women)"]
[Site "La Valetta"]
[Date "1980.??.??"]
[Round "?"]
[White "Markovic, Gordana"]
[Black "Veroci, Zsuzsa"]
[Result "1/2-1/2"]
[WhiteElo "2170"]
[BlackElo "2285"]

1.e4 c5 2.Nf3 e6 3.d4 cxd4 4.Nxd4 a6 5.Bd3 Nf6 6.O-O d6 7.c4 Be7 8.Nc3 O-O
9.Qe2 b6 10.f4 Bb7 11.Be3 Nbd7 12.Bf2 Qc7 13.Rac1 Rfe8 14.Nb3 Nc5 15.Bc2 Rac8
16.Nd2 Ncd7 17.Rfe1 g6 18.Be3 Qb8  1/2-1/2

[Event "Malta ol (Women)"]
[Site "La Valetta"]
[Date "1980.??.??"]
[Round "?"]
[White "Markovic, Gordana"]
[Black "Bellin, Jana"]
[Result "1/2-1/2"]
[WhiteElo "2170"]
[BlackElo "2220"]

1.e4 c5 2.Nf3 e6 3.d4 cxd4 4.Nxd4 a6 5.Bd3 Nc6 6.Nxc6 dxc6 7.Nd2 e5 8.Nc4 Ne7
9.O-O Ng6 10.Qh5 Bc5 11.a4 Be6 12.Be3 Qe7 13.Rfe1 O-O 14.a5 Rad8 15.g3 f6
16.Qe2 Bxe3 17.Nxe3 Rd7 18.Bc4 Rfd8 19.Red1 Nf8 20.c3 g6 21.Rxd7 Rxd7 22.Rd1 Qd8
23.Rxd7 Qxd7 24.b4 Kf7 25.Qd3 Bxc4 26.Qxd7+ Nxd7 27.Nxc4 Ke6 28.Kf1 f5 29.f3  1/2-1/2

[Event "Malta ol (Women)"]
[Site "La Valetta"]
[Date "1980.??.??"]
[Round "?"]
[White "Lematschko, Tatjana"]
[Black "Bellin, Jana"]
[Result "1-0"]
[WhiteElo "2235"]
[BlackElo "2220"]

1.e4 c5 2.Nf3 e6 3.d4 cxd4 4.Nxd4 a6 5.Bd3 Nc6 6.Nxc6 dxc6 7.Nd2 e5 8.Nc4 Ne7
9.Be3 Be6 10.Bb6 Qb8 11.Be2 Ng6 12.g3 Be7 13.h4 Nf8 14.a4 Nd7 15.Bg4 Nf8
16.Bxe6 Nxe6 17.a5 O-O 18.O-O Bd8 19.Ra3 Bc7 20.Rd3 Rd8 21.c3 Rxd3 22.Qxd3 Bxb6
23.axb6 Nc5 24.Qe3 Qf8 25.b4 Nd7 26.Rd1 Qe7 27.Nd6 Nf6 28.Nf5 Qf8 29.Rd6 Rd8
30.Qd3 Rxd6 31.Qxd6 Qxd6 32.Nxd6 Nd7 33.Nxb7 Nxb6 34.Nc5 Kf8 35.Kf1 Ke7 36.Ke2 Kd6
37.Nxa6 Nd7 38.Kd3 g6 39.g4 h5 40.g5 f6 41.gxf6  1-0

[Event "Malta ol (Men)"]
[Site "La Valetta"]
[Date "1980.??.??"]
[Round "?"]
[White "Oney, Feridun"]
[Black "Schammo, J."]
[Result "1-0"]
[WhiteElo "2270"]
[BlackElo "2250"]

1.e4 c5 2.Nf3 e6 3.d4 cxd4 4.Nxd4 a6 5.Bd3 Qc7 6.O-O Nc6 7.Nb3 b5 8.a4 b4
9.Be3 Nf6 10.Kh1 d5 11.N1d2 Bb7 12.a5 dxe4 13.Nxe4 Nd5 14.Bc5 Be7 15.f4 Bxc5
16.Nbxc5 Nd8 17.Nxb7 Nxb7 18.Qf3 g6 19.c4 bxc3 20.bxc3 O-O 21.c4 Nb4 22.Nf6+ Kg7
23.Be4 Kxf6 24.Qc3+ Ke7 25.Qxb4+ Nc5 26.Bxa8 Rxa8 27.Rab1 Rc8 28.h3 h5 29.Qb6 Ne4
30.Qxc7+ Rxc7 31.Rfe1 Rxc4 32.Rb6 Nc5 33.Ra1 Rxf4 34.Rc1 Rf5 35.Rc4 Rd5 36.Rc6 Nb3
37.Rxa6 Nxa5 38.Ra7+  1-0

[Event "Malta ol (Men)"]
[Site "La Valetta"]
[Date "1980.??.??"]
[Round "?"]
[White "Rantanen, Yrjo A"]
[Black "Lobron, Eric"]
[Result "1/2-1/2"]
[WhiteElo "2425"]
[BlackElo "2335"]

1.e4 c5 2.Nf3 e6 3.d4 cxd4 4.Nxd4 a6 5.Bd3 g6 6.O-O Bg7 7.c3 d6 8.a4 Nf6
9.Re1 O-O 10.Bg5 Nbd7 11.Bf1 Qc7 12.a5 h6 13.Bh4 b5 14.axb6 Qxb6 15.Qb3 Qc7
16.Nd2 e5 17.Nb5 Qc6 18.Na3 Nc5 19.Qc2 g5 20.Bg3 Be6 21.Nac4 Ncxe4 22.Nxe4 Nxe4
23.Qxe4 Qxe4 24.Rxe4 d5 25.Rxe5 dxc4 26.Rc5 Rfc8 27.Rxc8+ Rxc8 28.Rxa6 Rc5
29.Rd6 Ra5 30.f3 Ra8 31.Kf2 Ra2 32.Ke3 Rxb2 33.Be1 Rc2 34.Rc6 Bxc3 35.Bxc3 Rxc3+
36.Kd2 Rb3 37.Bxc4 Rb2+ 38.Ke3 Rc2 39.Bd5 Rxg2 40.Bxe6 fxe6 41.h4 Kf7  1/2-1/2

[Event "Malta ol (Men)"]
[Site "La Valetta"]
[Date "1980.??.??"]
[Round "?"]
[White "Zapata, Alonso"]
[Black "Carvalho, Flavio"]
[Result "1-0"]
[WhiteElo "2410"]
[BlackElo "2260"]

1.e4 c5 2.Nf3 e6 3.d4 cxd4 4.Nxd4 a6 5.Bd3 Nc6 6.Nb3 Nf6 7.Nc3 b5 8.O-O Be7
9.Qe2 d6 10.f4 Qc7 11.Bd2 O-O 12.Rf3 b4 13.Nd1 a5 14.c3 e5 15.f5 a4 16.Nc1 a3
17.Nb3 axb2 18.Nxb2 bxc3 19.Bxc3 d5 20.exd5 Nxd5 21.Be4 Ba6 22.Qf2 Nf6 23.Re1 Bd6
24.Qh4 Bb7 25.Bb1 e4 26.Bxe4 Qb6+ 27.Kh1 Nxe4 28.Rxe4 Ne5 29.Rh3 h6 30.Rg3 Ng6
31.Re1 Qf2 32.Rxg6 Bxg2+ 33.Rxg2 Qf3 34.Bxg7 Rfe8 35.Bf8+ Qxg2+ 36.Kxg2 Bxf8
37.Qg4+ Kh7 38.Rxe8 Rxe8 39.f6  1-0

[Event "Malta ol (Men)"]
[Site "La Valetta"]
[Date "1980.??.??"]
[Round "?"]
[White "Schallopp, E."]
[Black "Martin Gonzalez, Angel"]
[Result "1-0"]
[WhiteElo "2200"]
[BlackElo "2365"]

1.e4 c5 2.Nf3 e6 3.d4 cxd4 4.Nxd4 a6 5.Bd3 Nc6 6.Nxc6 bxc6 7.O-O Qc7 8.c4 Bb7
9.Nc3 Nf6 10.Qe2 d6 11.f4 Be7 12.Be3 c5 13.Rad1 Nd7 14.f5 Ne5 15.fxe6 fxe6
16.Qh5+ g6 17.Qh3 Qd7 18.Be2 Rc8 19.Bf4 Nc6 20.Bg4 Nd4 21.Nd5 Bxd5 22.cxd5 Rb8
23.dxe6 Qc6 24.Be3 Rxb2 25.Rxd4 cxd4 26.Bxd4 Rf8 27.Rxf8+ Bxf8 28.Bxb2 Qc5+
29.Kf1 Qb5+ 30.Ke1 Qxb2 31.Qxh7 Qb1+ 32.Kf2 Qb2+ 33.Kg3 Qe5+ 34.Kh3 Qc3+
35.g3 Qg7 36.Qxg7 Bxg7 37.Be2 a5 38.Kg4 Bf6 39.h4 Kf8 40.a4 Kg7 41.Bc4 Bd8
42.Bd5 Kf6 43.Kf4 Kg7 44.e5 dxe5+ 45.Kxe5 Bc7+ 46.Ke4 Kf6 47.g4 Bd6 48.Kd4 Be7
49.h5 Kg5 50.Bf3 Kf6 51.Kd5 Kg7 52.Kc6 gxh5 53.gxh5 Kf8 54.h6 Bf6 55.Kd7  1-0

[Event "Malta ol (Men)"]
[Site "La Valetta"]
[Date "1980.??.??"]
[Round "?"]
[White "Velasquez Ojeda, Cesar"]
[Black "Defize, Alain"]
[Result "0-1"]
[WhiteElo "2310"]
[BlackElo "2200"]

1.e4 c5 2.Nf3 e6 3.d4 cxd4 4.Nxd4 a6 5.Bd3 Nf6 6.O-O d6 7.c4 Be7 8.Nc3 O-O
9.Be3 Re8 10.f4 Nbd7 11.g4 g6 12.Nb3 b6 13.g5 Nh5 14.Be2 Ng7 15.h4 Bb7 16.h5 e5
17.hxg6 hxg6 18.f5 Bxg5 19.Qd2 Bxe3+ 20.Qxe3 gxf5 21.Rf2 f4 22.Qh3 Nf8 23.Rh2 Ng6
24.Kf2 Qf6 25.Rg1 Kf8 26.Bg4 Ke7 27.Qd3 Rh8 28.Rgh1 Rxh2+ 29.Rxh2 Rh8 30.Rxh8 Nxh8
31.Kg2 Qg5 32.Qh3 f5 33.Qxh8 Qxg4+ 34.Kf2 fxe4 35.Qh2 e3+ 36.Ke1 f3 37.Nd1 f2+
38.Nxf2 exf2+  0-1

[Event "DSV-Turnier"]
[Site "Leipzig"]
[Date "1980.??.??"]
[Round "2"]
[White "Petrushin, Alexander I"]
[Black "Hesse, Peter"]
[Result "1-0"]
[WhiteElo "2390"]
[BlackElo "2440"]

1.e4 c5 2.Nf3 e6 3.d4 cxd4 4.Nxd4 a6 5.Bd3 Nf6 6.O-O d6 7.Nc3 Be7 8.f4 Nc6
9.Be3 Bd7 10.Nb3 b5 11.Kh1 Nb4 12.e5 Nfd5 13.Nxd5 Nxd5 14.Bd4 Bc6 15.Qg4 dxe5
16.fxe5 O-O 17.c3 Rc8 18.Rf3 g6 19.Rh3 Rc7 20.Rf1 Bg5 21.Nc5 Bb7 22.Ne4 h6
23.Nd6 f5 24.exf6 Qxd6 25.Qxg5 Nxf6 26.Qxh6 Rh7 27.Qxg6+ Rg7 28.Rxf6 Rxf6
29.Rh8+ Kxh8 30.Bxf6  1-0

[Event "Makarczyk mem"]
[Site "Lodz"]
[Date "1980.??.??"]
[Round "15"]
[White "Rogulj, Branko"]
[Black "Adamski, Jan"]
[Result "1/2-1/2"]
[WhiteElo "2460"]
[BlackElo "2410"]

1.e4 c5 2.Nf3 e6 3.d4 cxd4 4.Nxd4 a6 5.Bd3 Nf6 6.O-O d6 7.c4 Be7 8.Nc3 O-O
9.b3 b6 10.Bb2 Bb7  1/2-1/2

[Event "Lone Pine"]
[Site "Lone Pine"]
[Date "1980.??.??"]
[Round "7"]
[White "Ginsburg, Mark"]
[Black "Rajkovic, Dusan"]
[Result "0-1"]
[WhiteElo "2370"]
[BlackElo "2495"]

1.e4 c5 2.Nf3 e6 3.d4 cxd4 4.Nxd4 a6 5.Bd3 g6 6.O-O Bg7 7.c3 d6 8.Na3 Nf6
9.Bg5 O-O 10.Qe2 Nbd7 11.Nc4 Qc7 12.a4 h6 13.Bh4 e5 14.Nb3 b6 15.Rfd1 Bb7
16.Bc2 d5 17.exd5 Nxd5 18.Ne3 Nxe3 19.Qxe3 f5 20.Be7 Rfe8 21.Bb4 Nf6 22.Qg3 Kh7
23.Rd6 Rad8 24.Rad1 Rxd6 25.Rxd6 Qf7 26.Nd2 f4 27.Qh4 Re6 28.Rxe6 Qxe6 29.Nf3 Qa2
30.h3 Bxf3 31.gxf3 Qxb2 32.Bd3 Qd2 33.Be4 Qe1+ 34.Kg2 Nxe4 35.fxe4 Qxe4+
36.Kg1 a5 37.Be7 Qxa4 38.Qg4 Qc6 39.Bd8 a4 40.Qd1 e4 41.Qb1 b5 42.Qc1 e3
43.fxe3 Qxc3  0-1